Pokémon: Sixième Génération - Statistiques

Statistiques générales
  • Ce quiz a été pris 6 fois
  • Le résultat moyen est 69 sur 72
Statistiques - réponses
Types Catégories Pokémons Numéros % Correct
RocheGlace Toundra Amagara 0698
100%
EauTénèbres Ninja Amphinobi 0658
100%
PlanteCombat Épinarmure Blindépique 0652
100%
Plante Épinarmure Boguérisse 0651
100%
FeuVol Braise Braisillon 0662
100%
CombatVol Catcheur Brutalibré 0701
100%
VolDragon Ondes Bruyverne 0715
100%
Plante Monture Cabriolaine 0672
100%
Dragon Mollusque Colimucus 0705
100%
Normal Caniche Couafarel 0676
100%
Eau Crapobulle Croâporal 0657
100%
Fée Mousseline Cupcanaille 0685
100%
ÉlectrikFée Antenne Dedenne 0702
100%
SpectrePlante Vieillarbre Desséliande 0709
100%
RocheFée Joyau Diancie 0719
100%
AcierSpectre Glaive Dimoclès 0680
100%
RocheGlace Toundra Dragmara 0699
100%
AcierSpectre Noble Lame Exagide 0681
100%
NormalSol Fouisseur Excavarenne 0660
100%
Feu Renard Feunnec 0653
100%
Fée Uniflore Flabébé 0669
100%
FeuVol Fournaise Flambusard 0663
100%
Fée Uniflore Floette 0670
100%
Fée Jardin Florges 0671
100%
Fée Fragrance Fluvetin 0682
100%
Eau Blaster Gamblast 0693
100%
FeuPsy Renard Goupelin 0655
100%
Eau Crapobulle Grenousse 0656
100%
FeuNormal Lionceau Hélionceau 0667
100%
PsySpectre Chenapan Hoopa 0720
100%
ÉlectrikNormal Générateur Iguolta 0695
100%
PoisonDragon Simulalgue Kravarech 0691
100%
Insecte Exhalécaille Lépidonille 0664
100%
Plante Bogue Marisson 0650
100%
AcierSpectre Glaive Monorpale 0679
100%
Dragon Mollusque Mucuscule 0704
100%
FeuNormal Royal Némélios 0668
100%
CombatTénèbres Patibulaire Pandarbare 0675
100%
Combat Garnement Pandespiègle 0674
100%
NormalVol Rougegorge Passerouge 0661
100%
InsecteVol Lépidécaille Prismillon 0666
100%
RocheDragon Prince Ptyranidur 0696
100%
RocheDragon Tyran Rexillius 0697
100%
Feu Renard Roussil 0654
100%
TénèbresPsy Rotation Sepiatop 0686
100%
TénèbresPsy Révolution Sepiatroce 0687
100%
VolDragon Ondes Sonistrelle 0714
100%
RocheFée Joyau Strassie 0703
100%
Fée Confiserie Sucroquin 0684
100%
AcierFée Trousseau Trousselin 0707
100%
PoisonEau Simulalgue Venalgue 0690
100%
FeuEau Vapeur Volcanion 0721
100%
Fée Existence Xerneas 0716
100%
TénèbresVol Annihilation Yveltal 0717
100%
DragonSol Équilibre Zygarde 0718
100%
SpectrePlante Citrouille Banshitrouye 0711
83%
SpectrePlante Souche Brocélôme 0708
83%
Plante Monture Chevroum 0673
83%
ÉlectrikNormal Générateur Galvaran 0694
83%
RocheEau Assemblage Golgopathe 0689
83%
Glace Glaçon Grelaçon 0712
83%
Psy SelfContrôle Mistigrix 0678
83%
Fée Attachant Nymphali 0700
83%
RocheEau Bimane Opermine 0688
83%
Insecte Exhalécaille Pérégrain 0665
83%
SpectrePlante Citrouille Pitrouille 0710
83%
Normal Fouisseur Sapereau 0659
83%
Glace Iceberg Séracrawl 0713
83%
Fée Parfum Cocotine 0683
67%
Eau Lance à Eau Flingouste 0692
67%
Dragon Dragon Muplodocus 0706
67%
Psy Retenue Psystigri 0677
67%
Aucun quiz correspondant
Distribution des résultats
% des personnes avec chaque résultat
Percentile par nombre de réponses
Votre historique - résultats
Vous n’avez pas pris ce quiz